Измерение электрических свойств теплопроводящих полимерных материалов; Современное материаловедение: материалы и технологии новых поколений

Bibliographic Details
Parent link:Современное материаловедение: материалы и технологии новых поколений.— 2014.— [С. 182-186]
Main Author: Амитов Е. Т. Ернар Танирбергенулы
Corporate Author: Национальный исследовательский Томский политехнический университет (ТПУ) Физико-технический институт (ФТИ) Кафедра прикладной физики (№ 12) (ПФ) Международная научно-образовательная лаборатория "Рентгеновская оптика" (МНОЛ РО)
Summary:Заглавие с титульного экрана
Language:Russian
Published: 2014
Series:Перспективные материалы и технологии в машиностроении
Subjects:
Online Access:http://www.lib.tpu.ru/fulltext/c/2014/C39/042.pdf
Format: Electronic Book Chapter
KOHA link:https://koha.lib.tpu.ru/cgi-bin/koha/opac-detail.pl?biblionumber=607391

MARC

LEADER 00000naa2a2200000 4500
001 607391
005 20231101132442.0
035 |a (RuTPU)RU\TPU\conf\4772 
035 |a RU\TPU\conf\4771 
090 |a 607391 
100 |a 20140715d2014 k y0rusy50 ca 
101 0 |a rus 
102 |a RU 
105 |a y z 101zy 
135 |a drcn ---uucaa 
181 0 |a i  
182 0 |a b 
200 1 |a Измерение электрических свойств теплопроводящих полимерных материалов  |f Е. Т. Амитов 
203 |a Текст  |c электронный 
225 1 |a Перспективные материалы и технологии в машиностроении 
230 |a 1 компьютерный файл (pdf; 595 Кb) 
300 |a Заглавие с титульного экрана 
320 |a [Библиогр.: с. 186 (8 назв.)] 
337 |a Adobe Reader 
463 0 |0 (RuTPU)RU\TPU\conf\4216  |t Современное материаловедение: материалы и технологии новых поколений  |o сборник трудов Всероссийской школы-семинара с международным участием, г. Томск, 9-11 июня 2014г.  |f Национальный исследовательский Томский политехнический университет (ТПУ)  |v [С. 182-186]  |d 2014 
610 1 |a труды учёных ТПУ 
610 1 |a электронный ресурс 
610 1 |a полимерные материалы 
610 1 |a электрические свойства 
610 1 |a полиэтилен 
610 1 |a сополимеры 
610 1 |a пропилен 
610 1 |a этилен 
700 1 |a Амитов  |b Е. Т.  |c специалист в области материаловедения  |c техник Томского политехнического университета  |f 1991-  |g Ернар Танирбергенулы  |2 stltpush  |3 (RuTPU)RU\TPU\pers\32245 
712 0 2 |a Национальный исследовательский Томский политехнический университет (ТПУ)  |b Физико-технический институт (ФТИ)  |b Кафедра прикладной физики (№ 12) (ПФ)  |b Международная научно-образовательная лаборатория "Рентгеновская оптика" (МНОЛ РО)  |h 7002  |2 stltpush  |3 (RuTPU)RU\TPU\col\19530 
801 2 |a RU  |b 63413507  |c 20140715  |g RCR 
856 4 |u http://www.lib.tpu.ru/fulltext/c/2014/C39/042.pdf 
942 |c BK